1174 1463 1656 1336 1543 1954 1423 1144 1992 1580 1206 1412 1984 1119 1606 1674 1544 1940 1640 1585 1257 1057 1301 1976 1779 1685 1807 1022 1118 1008 1790 1505 1820 1533 1722 1642 1656 1658 1903 1250 1189 1667 1032 1786 1831 1875 1478 1954 1826 1757 1605 1525 1099 1218 1816 1684 1403 1000 1039 1586 1582 1490 1841 1357 1930 1213 1513 1795 1921 1615 1480 1741 1648 1319 1529 1557 1365 1170 1490 1873 1641 1954 1824 1767 1761 1480 1680 1125 1964 1015 1348 1603 1620 1920 1300 1530 1878 1095 1232 BCNSPRNW ULIB Ver.6.0+V

เปลี่ยนเป็นภาษาไทย

Change to English
 แสดงรายละเอียดบรรณานุกรม
  กลับหน้าหลัก

Brief Record : Get Marc (ISO 2709) : E-mail record : QR code < ปิดหน้าต่าง
LEADER : 00000nam a22002538a 4500
001    13399114493
003     ULIB
008    110708s2007 us 001 0 eng d
020    ^a9780763746421
060 04 ^aWT31^bH236
100 10 ^a Cathy Jo Cress.
245 00 ^aHandbook of geriatric care management /^c[edited by] Cathy
250    ^a3 rd ed.
260    ^aSudbury, MA. :^bJones & Bartlett Learning,^cc2012.
300    ^axviii, 524 p. :^bill. ;^c26 cm.
504    ^aIncludes bibliographical references and index.
650  0 ^aGeriatrics.
650  2 ^aPractice Management^xorganization & administration
650  2 ^aHealth Services of the Aged^xorganization &
700 1  ^aCress, Cathy, Jo,^eed.
945    ^p0^l0^i031615
995    ^a Kesorn
999 ^a ใช้งานได้ทุกระบบ
รายการนี้ยังไม่มีแท็ก
คุณยังไม่ได้ล็อกอิน คุณสามารถมีกิจกรรมร่วมกับเว็บไซต์ได้ แต่ต้องล็อกอินก่อน ::
  ล็อกอิน

รายการสื่อสารสนเทศ

ลำดับที่ ประเภท เลขเรียก/บาร์โค้ด สถานที่ สถานะ
- ไม่พบข้อมูล -

รายการใกล้เคียง
    หัวเรื่อง [Geriatrics.]

BibComment


ยังไม่เคยถูกคอมเมนท์

คอมเมนท์ทรัพยากรรายการนี้
  คอมเมนท์: Handbook of geri..


 Copyright 2026. Bcnsprnw @Library